| 000 | 00706nam a2200217 a 4500 | ||
|---|---|---|---|
| 005 | 20221001063511.0 | ||
| 008 | 010518s1998 r 000 0 eng d | ||
| 020 | _a8441504563 | ||
| 035 | _aUPN01000106411 | ||
| 049 | _aCG | ||
| 050 | 4 |
_aHD30.2 _bM6.38 |
|
| 100 | 1 | _aMok, Clement | |
| 245 | 1 | 3 |
_aEl diseño en el mundo de la empresa / _cClement Mok ; tr. Pilar Toldos Bayle. |
| 260 |
_aMadrid : _bAnaya Multimedia, _c1998. |
||
| 300 |
_a245 p. : _bil. + _e1 disco óptico de computador : col., 4 3/8 plg. |
||
| 534 |
_pTítulo original: _tDesigning business |
||
| 650 | 4 |
_aEMPRESAS COMERCIALES _98100 |
|
| 650 | 2 |
_aDiseño industrial _914572 |
|
| 650 | 4 | _aIMAGEN Y DISEÑO CORPORATIVO | |
| 905 | _aLibro | ||
| 999 |
_c80323 _d80323 |
||